Creating and managing the literate classroom /

Bibliographic Details
Main Author: Barchers, Suzanne I.
Format: Book
Language:English
Published: Englewood, Colo. : Teacher Ideas Press, 1990.
Subjects:

MARC

Tag First Indicator Second Indicator Subfields
LEADER 00000cam a2200000 a 4500
001 in00000921521
005 20150924171452.0
008 891101s1990 coua b 00110 eng
010 |a  89048229  
020 |a 0872877051 :  |c $23.00 
035 |a (OCoLC)20693679 
035 |9 AEP9777AM 
040 |a DLC  |c DLC  |d TXA  |d UtOrBLW 
049 |a TXAM  |c [A13164470] 
050 0 0 |a LB1576  |b .B294 1990 
082 0 0 |a 372.6/044  |2 20 
100 1 |a Barchers, Suzanne I. 
245 1 0 |a Creating and managing the literate classroom /  |c Suzanne I. Barchers ; illustrated by Leann Mullineaux. 
264 1 |a Englewood, Colo. :  |b Teacher Ideas Press,  |c 1990. 
300 |a xv, 187 pages :  |b illustrations ;  |c 28 cm. 
336 |a text  |b txt  |2 rdacontent 
337 |a unmediated  |b n  |2 rdamedia 
338 |a volume  |b nc  |2 rdacarrier 
504 |a Includes bibliographical references and index. 
650 0 |a Language arts (Elementary) 
650 0 |a Teaching. 
650 0 |a Activity programs in education. 
650 0 |a Reading (Elementary) 
650 0 |a Classroom management. 
999 |a MARS 
999 f f |s 7732dc8c-72e6-352d-89a7-0607f58120fa  |i 19652431-efdc-3734-b09e-b962f4f46c97  |t 0 
952 f f |p normal  |a Texas A&M University  |b College Station  |c Sterling C. Evans Library  |d Evans: Library Stacks  |t 0  |e LB1576 .B294 1990  |h Library of Congress classification  |i unmediated -- volume  |m A14813164470 
998 f f |a LB1576 .B294 1990  |t 0  |l Evans: Library Stacks